XO, Kitty - les personnages de la série #2 - Statistiques

Statistiques générales
  • Ce quiz a été pris 333 fois
  • Le résultat moyen est 10 sur 21
Statistiques - réponses
Par images Réponse % Correct
Kitty
100%
Dae
97%
Min-ho
94%
Yuri
90%
Q
88%
Juliana
87%
Madison
75%
Peter
66%
Stella
60%
Margot
52%
Professeur Lee
38%
Praveena
35%
Jin
33%
Eunice
27%
Mr Kim
22%
Professeur Alex
21%
Ji-won
11%
Mr Moon
9%
Joon ho
4%
Soon Ja
4%
Young Ja
2%
Aucun quiz correspondant
Distribution des résultats
% des personnes avec chaque résultat
Percentile par nombre de réponses
Votre historique - résultats
Vous n’avez pas pris ce quiz